The Age Of Diminished Expectations (Record no. 617515)

MARC details
000 -LEADER
fixed length control field 00509nam a2200169 a 4500
008 - FIXED-LENGTH DATA ELEMENTS--GENERAL INFORMATION
fixed length control field 260311s2026##################000#0#eng##
020 ## - INTERNATIONAL STANDARD BOOK NUMBER
ISBN 9780262611343
041 ## - LANGUAGE CODE
Language code of text/sound track or separate title Eng
082 04 - DEWEY DECIMAL CLASSIFICATION NUMBER
Classification number 338.973009
Item number KRU
100 ## - MAIN ENTRY--AUTHOR NAME
Personal name Krugman Paul
245 10 - TITLE STATEMENT
Title The Age Of Diminished Expectations
Sub Title U.S. Economic Policy in the 1990s
250 ## - EDITION STATEMENT
Edition statement third edition
260 ## - PUBLICATION, DISTRIBUTION, ETC. (IMPRINT)
Place of publication England
Name of publisher The MIT Press Cambridge, Massachusetts, London
Year of publication 1990
300 ## - PHYSICAL DESCRIPTION
Number of Pages xii, 232p, ill,
Dimensions 21cm,
942 ## - ADDED ENTRY ELEMENTS (KOHA)
Koha item type English Books
Holdings
Withdrawn status Lost status Damaged status Not for loan Home library Current library Shelving location Date acquired Full call number Accession Number Price effective from Koha item type
        Anna Centenary Library Anna Centenary Library 4TH FLOOR, A WING 11.03.2026 338.973009 KRU 427132 11.03.2026 English Books

Find us on the map